000 00310nam a22001337a 4500
020 _a978-93-85175-32-9
082 _a894.812
_bRAD/M
100 _aP.RADHAKRISHNAN
245 _aMALAYALAM HINDI DICTIONARY
260 _aTRICHUR
_bH & C BOOKS
_c2016
300 _a144
650 _aDICTIONARY
_zKERALA
942 _cBK
999 _c1109
_d1109